FIFA 17 Premier League Top 10 Right Back - Statistics

General Stats
  • This quiz has been taken 176 times
  • The average score is 7 of 10
Answer Stats
Rank Player OVA % Correct
5 Kyle Walker 81
95%
10 Hector Bellerin 79
79%
4 Nathaniel Clyne 81
76%
8 Antonio Valencia 80
67%
2 Bacary Sagna 82
65%
3 Pablo Zabaleta 82
64%
1 Seamus Coleman 82
63%
7 Branislav Ivanovic 80
59%
9 Matteo Darmian 80
51%
6 Mathieu Debuchy 80
40%
No matching quizzes found
Score Distribution
Percent of People with Each Score
Percentile by Number Answered
Your Score History
You have not taken this quiz